| 000 | 00626nam a2200253Ia 4500 | ||
|---|---|---|---|
| 008 | 160321s9999||||xx |||||||||||||| ||und|| | ||
| 040 | _cEnglish | ||
| 082 | _aXI.A/ Hardas | ||
| 082 | _bBORI-26226 | ||
| 100 | _aBalshastri Hardas | ||
| 245 | _aWhat I Saw In Bihar | ||
| 300 | _aVi+135 | ||
| 300 | _cA | ||
| 300 | _eHardbound | ||
| 530 | _u00050864.pdf | ||
| 563 | _aStudy | ||
| 600 | _aBalshastri Hardas | ||
| 630 | _aWhat I Saw In Bihar | ||
| 650 | _a"Politics, History+ Historiography" | ||
| 650 | _aGeneral Indology | ||
| 700 | _aBalshastri Hardas | ||
| 730 | _aWhat I Saw In Bihar | ||
| 942 | _cBOOK | ||
| 999 |
_c1359937 _d1359934 |
||